Words that End in "-oot" - Statistics

General Stats
  • This quiz has been taken 293 times
  • The average score is 10 of 18
Answer Stats
Answer % Correct
Boot
98%
Loot
95%
Root
95%
Moot
89%
Foot
87%
Hoot
87%
Toot
86%
Soot
81%
Coot
80%
Shoot
74%
Scoot
48%
Afoot
27%
Reboot
21%
Uproot
16%
Beetroot
8%
Barefoot
6%
Cheroot
6%
Offshoot
1%
No matching quizzes found
Score Distribution
Percent of People with Each Score
Percentile by Number Answered
Your Score History
You have not taken this quiz